Babalar ve çocuklar : (Record no. 15241)

MARC details
000 -BAŞLIK
Sabit Uzunlukta Kontrol Alanı 00769nam a22002417a 4500
999 ## - SİSTEM KONTROL NUMARALARI (KOHA)
Koha Biblionumber 15241
Koha Biblioitemnumber 15241
003 - KONTROL NUMARASI IDENTIFIER
Denetim Alanı MIRAKIL
005 - SON İŞLEM TARİHİ VE ZAMANI
Denetim Alanı 20230517151921.0
008 - SABİT-BOY VERİ ELEMANLARI - GENEL BİLGİLER
Sabit Uzunlukta Kontrol Alanı 230517b tu ||||| |||| 00| 0 tur d
020 ## - ULUSLARARASI STANDART KİTAP NUMARASI
Uluslararası Standart Kitap Numarası 9786257266765
040 ## - KATALOGLAMA KAYNAK
Orijinal Kataloglama Ajansı TR-AnCHP
Metne Dönüştürmek Ajansı TR-AnCHP
041 ## - DİL KODU
Metin / Ses Parça Veya Ayrı Başlığın Dil Kodu tur
082 ## - DEWEY ONLU SINIFLANDIRMA NUMARASI
Sınıflandırma Numarası 956.1023
Ürün Numarası İ63b 2021
100 1# - ANA GİRİŞ - KİŞİSEL İSİM
Kişisel Ad İrgil, Ceyhun
245 10 - BAŞLIK TABLOSU
Başlık Babalar ve çocuklar :
Başlığın Kalan genç Cumhuriyet'in vicdan serüveni /
Sorumluluk Tablosu, Vb Ceyhun İrgil
246 ## - UNVAN FORM VARYING
Başlık Doğru / Kısa Başlığı genç Cumhuriyet'in vicdan serüveni
260 ## - YAYIN, DAĞITIM, VB
Yayın, Dağıtım, Vb Yeri İstanbul :
Yayıncı, Dağıtıcı, Vs Adı Sia Kitap,
Yayın, Dağıtım, Vb Tarihi 2021.
300 ## - FİZİKSEL TANIM
Kapsam 230 s.:
Diğer Fiziksel Ayrıntıları fotg.;
Boyutlar 21 sm.
490 0# - SERİSİ TABLOSU
Seri Beyanı Sia Kitap ;
-- Tarih ;
Hacim / Ardışık Tanımı 144
-- 2.
504 ## - KAYNAKÇA VB NOT
Kaynakça Vb Notu Kaynakça vardır.
650 #0 - KONU KATMA GİRİŞ - TOPİKAL DÖNEM
9 (RLIN) 6187
Topikal Süreli Veya Coğrafi Ad Giriş Elemanı Kurtuluş savaşı
Genel Alt Bölümü tarih
Kronolojik Alt Bölümü 1919-1922
740 ## - KATMA GİRİŞ - KONTROLSUZ İLGİLİ / ANALİTİK BAŞLIK
Kontrol Edilmeyen / İlgili Analitik Başlıktaki genç Cumhuriyet'in vicdan serüveni
942 ## - EKLENDİ GİRİŞ ELEMANLARI (KOHA)
Sınıflandırma Veya Raf Düzeni Kaynak Dewey Decimal Classification
Koha Öğesi Türü Books
Holdings
Kalıcı Konum Mevcut Konum Edinme Tarihi Toplam Check-Out'Lar Tam Çağrı Numarası Barkod Tarih Son Görülme İtibaren Geçerli Fiyatlar Koha Öğesi Türü
CHP Kütüphanesi CHP Kütüphanesi 05/17/2023   956.1023 İ63b 2021 020834 05/17/2023 05/17/2023 Books